Rendición de cuentas: la justicia transicional en perspectiva histórica

Збережено в:
Бібліографічні деталі
Автор: Elster, Jon (Автор)
Формат: Книга
Мова:Іспанська
Опубліковано: Buenos Aires Katz Editores 2006
Редагування:1a. ed
Серія:Conocimiento, 3016
Предмети:
Теги: Додати тег
Немає тегів, Будьте першим, хто поставить тег для цього запису!

MARC

LEADER 00000cam a2200000 a 4500
001 UCD7307
003 CL-VaPUC
008 170317e20060000ag |||||||||||||||||spa|d
020 |a 987128330X 
082 0 4 |a 301  |b ELS  |2 21 
100 0 |a Elster, Jon  |e author  |9 591288 
245 1 0 |a Rendición de cuentas: la justicia transicional en perspectiva histórica 
250 |a 1a. ed 
300 |a 340 p 
942 |c BK 
945 |d 20170317 22:16:00  |a dcastane 
260 |a Buenos Aires  |b Katz Editores  |c 2006 
650 0 |a Antropología cultural y social   |9 265143 
650 7 |a FILOSOFIA POLITICA  |2 CL-VaPUC  |9 591289 
650 0 |a Psicología social   |9 222894 
583 |a last modification  |c 20170317 22:16:00  |k Rodrigo Vera 
490 0 |a Conocimiento, 3016 
999 |c 367369  |d 367367 
952 |0 0  |1 0  |3 erb  |4 0  |6 301_000000000000000_ELS_2006  |7 0  |8 A  |9 482208  |a BIBEDU  |b BIBEDU  |i 5367808  |o 301 ELS 2006  |p 5367808  |r 2019-11-24  |w 2019-11-24  |y BK  |z Catalogado en:20170317  |k FIL